00611nam a2200169 4500001000700000003000900007007000300016008004100019100003300060245009400093260003700187300002600224700003000250852002100280999001900301952012100320127547ES-MaACLt|070214s1918 fr r ||||1| fre d1 aRistelhueber, René.99747610aTraditions françaises au Liban / cRené Ristelhueber ; préface de Gabriel Hanotaux. aParis : bFélix Alcan, c1918. aXI, 314 p. ; c23 cm.1 aHanotaux, Gabriel.961744 aES-MaACLjG-4988 c127547d127547 00104070aATENEOMbATENEOMcDEPO2d2008-01-17eSCl0oG-4988p1132846r2023-02-23 00:00:00w2023-02-23yMONOGRAFIA